| 000 | 00522 a2200181 4500 | ||
|---|---|---|---|
| 003 | OSt | ||
| 005 | 20240207151835.0 | ||
| 008 | 240207b |||||||| |||| 00| 0 eng d | ||
| 020 | _a9789390339778 | ||
| 040 | _coclc | ||
| 082 |
_a894.8128 _bSAD/M |
||
| 100 |
_aSadanandan E. V _910416 |
||
| 245 |
_aManasasthra Sameeksha / _c E. V. Sadanandan |
||
| 250 | _a1st ed. | ||
| 260 |
_aKozhikode: _bOlivePublications, _c2021. |
||
| 300 | _a490p. | ||
| 942 |
_2ddc _cBK _h894.8128 _iSAD/M _k894.8128 _mSAD/M |
||
| 999 |
_c44367 _d44367 |
||